Meroveda pre II. triedu stredných škôl

Bibliographic Details
Main Authors: Valouch, Miloslav, 1878-1952 (Author), Špaček, Klement (autor učebníc) (Author)
Other Authors: Říman, Evžen, 1897-1983 (Translator)
Format: Book
Language:Slovak
Czech
PhysicalDescription:67, [1] s. ilustrácie 22 cm
Published: Praha Jednota čsl. matematikov a fyzikov 1934
Edition:3., preprac. vyd.
Series:Učebnice pre stredné školy vydávané Jednotou čsl. matematikov a fyzikov
Subjects:

MARC

LEADER 00000cam a2200000 a 4500
001 vtls008404207
003 SK-MaSNL
005 20260302074806.0
008 260107s1934 xr g 000 0 slo
015 |a SNBA19191938-013727 
035 |a SK01SNKBSKHR20010096424 
035 |a urn:nbn:sk:snk-am3hjtw 
035 |a B3F107CB-5306-47BE-9AE1-A06610548A97 
035 |a urn:nbn:sk:snk-am00d2vt 
035 |a SKM000098887 
040 |a SNK  |b slo  |c SNK  |e AACR2 
041 1 |a slo  |h cze 
044 |a xr  |c CZ 
080 |a 51(075)  |2 1981 
080 |a 373(075)  |2 1981 
100 1 |a Valouch, Miloslav,  |d 1878-1952  |4 aut  |9 239812 
245 1 0 |a Meroveda pre II. triedu stredných škôl  |c Miloslav Valouch a Klement Špaček ; poslovenčil Eugen Říman 
250 |a 3., preprac. vyd. 
260 |a Praha  |b Jednota čsl. matematikov a fyzikov  |c 1934  |e Praha  |f Prometheus 
300 |a 67, [1] s.  |b ilustrácie  |c 22 cm 
490 1 |a Učebnice pre stredné školy vydávané Jednotou čsl. matematikov a fyzikov  |v č. 170 
504 |a Abecedný vecný register 
650 0 7 |a matematika  |2 SNKPH  |9 70174 
655 7 |a učebnice stredných škôl  |2 SNKPH  |9 69323 
700 1 |a Špaček, Klement  |c (autor učebníc)  |4 aut  |9 81277 
700 1 |a Říman, Evžen,  |d 1897-1983  |4 trl  |9 38451 
830 0 |a Učebnice pre stredné školy vydávané Jednotou čsl. matematikov a fyzikov  |9 348396 
852 |a Slovenská národná knižnica 
954 |a odborná, vedecká literatúra cudzojazyčná (svetová)  |2 lita 
958 |a EUIPO 
958 |a NB 
958 |a TL 
958 |a OND 
999 |c 1166513  |d 1168443 
952 |a SNK  |b SNK  |y VYP  |7 0  |p 17A1545431  |o snkSC 2380 D1  |i snkF 3797/67  |8 5  |0 0  |1 0  |4 0  |d 2024-03-12  |l 0  |r 2026-02-24 20:50:36  |w 2026-02-24 
952 |a SNK  |b SNK  |y PREZ  |7 0  |p 17A0743649  |o snkSC 2380  |i snk310/38  |0 0  |1 0  |4 0  |d 2018-06-05  |f 1  |l 0  |r 2025-06-17 00:00:00  |w 2026-02-24